000 00600nam a2200241Ia 4500
003 OSt
005 20220918201106.0
006 a|||||r|||| 00| 0
007 ta
008 220917b |||||||| |||| 00| 0 eng d
024 _a91,642
037 _cTextual
040 _aARTS
_cARTS
_beng
041 _2eng
_aeng
082 _aV1:1:N5, K65
100 _aEaston Stewart C
_996782
245 0 _aWorld since, 1918
260 _c1966
490 _aCollege outline series
650 _aWORLD HISTORY
942 _hV1:1:N5, K65
_cTEXL
_2CC
999 _c215301
_d215301